000 00504nam a22001937a 4500
003 OSt
005 20160322175713.0
008 160322b xxu||||| |||| 00| 0 eng d
020 _a9780340984260
040 _cDNLM
082 _aWM100 P88n 2013
100 _aedited Nisha, Dogra; Brian, Lunn
_97380
245 _aPsychiatry by Ten Teachers
260 _aUK; Arnold; 2013
300 _a235p; col.ill: 25cm
504 _aReferences & index included
650 _aPsychiatry
_9351
942 _2z
_cO_SHELF
999 _c3291
_d3291